Armenia discovered
Guardado en:
| Autor Corporativo: | |
|---|---|
| Formato: | Libro |
| Lenguaje: | inglés |
| Publicado: |
Ministry of Foreign Affairs Republic of Armenia
2006
|
| Materias: | |
| Etiquetas: |
Agregar Etiqueta
Sin Etiquetas, Sea el primero en etiquetar este registro!
|
MARC
| LEADER | 00000cam a2200000 a 4500 | ||
|---|---|---|---|
| 001 | UCF8016 | ||
| 003 | CL-VaPUC | ||
| 008 | 130718e20060000RU |||||||||||||||||eng|d | ||
| 082 | 0 | 4 | |a 956.62012 |b MIN |2 21 |
| 110 | 2 | |a Ministry of Foreign Affairs Republic of Armenia |e author |9 570089 | |
| 245 | 1 | 0 | |a Armenia discovered |
| 300 | |a 75 p | ||
| 942 | |c BK | ||
| 945 | |d 20130718 00:00:00 |a dcastane | ||
| 260 | |b Ministry of Foreign Affairs Republic of Armenia |c 2006 | ||
| 650 | 7 | |a HISTORIA DE ARMENIA |2 CL-VaPUC |9 499810 | |
| 650 | 0 | |a Historia de ciudades |9 445863 | |
| 651 | 7 | |a ARMENIA |2 CL-VaPUC |9 570090 | |
| 583 | |a last modification |c 20130718 10:54:00 |k Rodrigo Vera | ||
| 999 | |c 352702 |d 352700 | ||
| 952 | |0 0 |1 0 |4 0 |6 956_620120000000000_MIN_2006 |7 0 |8 A |9 457309 |a BIBGIM |b BIBGIM |d 2019-11-22 |i 4989813 |o 956.62012 MIN 2006 |p 4989813 |r 2025-01-15 |w 2019-11-22 |y BK |k ARA | ||
| 952 | |0 0 |1 0 |4 0 |6 956_620120000000000_MIN_2006 |7 0 |8 A |9 457310 |a BIBGIM |b BIBGIM |d 2019-11-22 |i 4989821 |o 956.62012 MIN 2006 |p 4989821 |r 2025-01-15 |w 2019-11-22 |y BK |k ARA | ||